Four battlegrounds : (Record no. 124393)

MARC details
000 -LEADER
campo de control de longitud fija 02012nam a2200301 4500
003 - IDENTIFICADOR DE NÚMERO DE CONTROL
campo de control BJBSDDR
005 - FECHA Y HORA DE LA ÚLTIMA TRANSACCIÓN
campo de control 20251027153007.0
007 - CAMPO FIJO DE DESCRIPCIÓN FÍSICA--INFORMACIÓN GENERAL
campo de control de longitud fija ta
008 - DATOS DE LONGITUD FIJA--INFORMACIÓN GENERAL
campo de control de longitud fija 250724s2023 nyu||||| |||| 00| 0 eng d
020 ## - NÚMERO INTERNACIONAL ESTÁNDAR DEL LIBRO
Número Internacional Estándar del Libro 9780393866865
020 ## - NÚMERO INTERNACIONAL ESTÁNDAR DEL LIBRO
Número Internacional Estándar del Libro 0393866866
040 ## - FUENTE DE CATALOGACIÓN
Lengua de catalogación eng
Centro/agencia transcriptor BJBSDDR
041 ## - CÓDIGO DE IDIOMA
Código de lengua del texto/banda sonora o título independiente eng
050 14 - SIGNATURA TOPOGRÁFICA DE LA BIBLIOTECA DEL CONGRESO
Número de clasificación UG 479
Número de ítem S311f 2023
100 1# - ENTRADA PRINCIPAL--NOMBRE DE PERSONA
Nombre de persona Scharre, Paul
9 (RLIN) 43613
245 10 - MENCIÓN DEL TÍTULO
Título Four battlegrounds :
Resto del título power in the age of artificial intelligence /
Mención de responsabilidad, etc. Paul Scharre
246 30 - FORMA VARIANTE DEL TITULO
Título propio/Titulo breve 4 battlegrounds
246 3# - FORMA VARIANTE DEL TITULO
Título propio/Titulo breve Power in the age of artificial intelligence
260 ## - PUBLICACIÓN, DISTRIBUCIÓN, ETC.
Lugar de publicación, distribución, etc. New York, NY :
Nombre del editor, distribuidor, etc. W.W. Norton & Company,
Fecha de publicación, distribución, etc. 2023
300 ## - DESCRIPCIÓN FÍSICA
Extensión xvi, 473 pages, 8 unnumbered pages of plates :
Otras características físicas illustrations, map ;
Dimensiones 25 cm.
505 0# - NOTA DE CONTENIDO CON FORMATO
Nota de contenido con formato •Power. The new oil ; Data ; Compute ; Talent ; Institutions<br/>• Competition. A winning hand ; Maven ; Revolt ; Sputnik moment<br/>• Repression. Terror ; Sharp eyes ; A better world ; Panopticon ; Dystopia<br/>• Truth. Disinformation ; Synthetic reality ; Transformation ; Bot wars<br/>• Rift. Fusion ; Harmony ; Stranglehold<br/>• Revolution. Robotics row ; Project Voltron ; Foundation ; The wrong kind of lethality ; Jedi ; Disruption<br/>• Alchemy. Control ; Poison ; Trust ; Race to the bottom<br/>• Fire. Alien intelligence ; Battlefield singularity ; Restraint ; The future of AI.
520 ## - RESUMEN, ETC.
Sumario, etc. A new industrial revolution has begun. Like mechanization or electricity before it, artificial intelligence will touch every aspect of our lives--and cause profound disruptions in the balance of global power, especially among the AI superpowers: China, the United States, and Europe. Autonomous weapons expert Paul Scharre takes readers inside the fierce competition to develop and implement this game-changing technology and dominate the future
650 #4 - PUNTO DE ACCESO ADICIONAL DE MATERIA--TÉRMINO DE MATERIA
Término de materia o nombre geográfico como elemento de entrada Arte y ciencia militar
9 (RLIN) 40292
650 #4 - PUNTO DE ACCESO ADICIONAL DE MATERIA--TÉRMINO DE MATERIA
Término de materia o nombre geográfico como elemento de entrada Arte y ciencia militar
Subdivisión general Innovaciones tecnológicas
9 (RLIN) 40293
650 #4 - PUNTO DE ACCESO ADICIONAL DE MATERIA--TÉRMINO DE MATERIA
Término de materia o nombre geográfico como elemento de entrada Aplicaciones industriales de la inteligencia artificial
9 (RLIN) 41938
942 ## - ELEMENTOS DE ENTRADA SECUNDARIOS (KOHA)
Fuente del sistema de clasificación o colocación Clasificación de Library of Congress
Tipo de ítem Koha Libro
946 ## - PROCESAMIENTO DE INFORMACIÓN LOCAL (OCLC)
Iniciales del agente catalogador cmc
Holdings
Estatus retirado Estado de pérdida Fuente del sistema de clasificación o colocación Estado de daño No para préstamo Colección Biblioteca de origen Biblioteca actual Ubicación en estantería Fecha de adquisición Signatura topográfica completa Código de barras Visto por última vez Copia número Tipo de ítem Koha
    Clasificación de Library of Congress     Recursos Regionales Biblioteca Juan Bosch Biblioteca Juan Bosch Recursos Regionales (2do. Piso) 24/07/2025 UG 479 S311f 2023 00000194888 24/07/2025 1 Libro